[Event "Wch U08"]
[Site "Montesilvano"]
[Date "2024.11.22"]
[Round "7"]
[White "Zhu, Daniel2"]
[Black "Singh, Ian Avery"]
[Result "1-0"]
[WhiteElo "1656"]
[BlackElo "1713"]
[PlyCount "61"]
[EventDate "2024.11.15"]
[EventType "swiss"]
[EventRounds "11"]
[EventCountry "ITA"]
[SourceTitle "CB48_2024"]
[SourceDate "2024.11.28"]
[SourceVersion "1"]
[SourceVersionDate "2024.11.28"]
[SourceQuality "1"]

1. d4 d5 2. Bf4 c5 3. e3 Nc6 4. c3 Nf6 5. Nf3 Qb6 6. Qb3 c4 7. Qc2 Bf5 8. Qc1 e6 9. Be2 Be7 10. Nbd2 0-0 11. 0-0 Rfc8 12. Nh4 Qd8 13. Nxf5 exf5 14. Qb1 Ne4 15. Nxe4 dxe4 16. Bxc4 Ne5 17. Be2 Ng6 18. Bg3 Bg5 19. c4 Qe7 20. c5 f4 21. exf4 Bxf4 22. Bxf4 Nxf4 23. Bc4 Qh4 24. Kh1 Rc6 25. Qxe4 Rh6 26. h3 Qg4 27. Rfe1 Rxh3+ 28. Kg1 Rf8 29. Qxb7 Rh6 30. Qxf7+ Rxf7 31. Re8# 1-0

[Event "Wch U08"]
[Site "Montesilvano"]
[Date "2024.11.20"]
[Round "6"]
[White "Singh, Ian Avery"]
[Black "Badescu, Matei Andrei"]
[Result "0-1"]
[WhiteElo "1713"]
[BlackElo "1829"]
[PlyCount "116"]
[EventDate "2024.11.15"]
[EventType "swiss"]
[EventRounds "11"]
[EventCountry "ITA"]
[SourceTitle "CB48_2024"]
[SourceDate "2024.11.28"]
[SourceVersion "1"]
[SourceVersionDate "2024.11.28"]
[SourceQuality "1"]

1. e4 c5 2. Nf3 d6 3. d4 cxd4 4. Nxd4 Nf6 5. Nc3 a6 6. f3 e5 7. Nb3 h5 8. Be3 Be6 9. Nd5 Bxd5 10. exd5 g6 11. Qd2 Nbd7 12. Be2 Bg7 13. c4 b6 14. 0-0 0-0 15. Nc1 Qc7 16. Nd3 e4 17. fxe4 Nxe4 18. Qc2 Rae8 19. Qc1 Nec5 20. Nxc5 bxc5 21. Rf3 Qb8 22. Rb1 Rxe3 23. Rxe3 Bd4 24. Kh1 Bxe3 25. Qxe3 Re8 26. Qf2 Qb4 27. Rf1 Ne5 28. b3 Qd2 29. Bf3 Qxf2 30. Rxf2 Nxc4 31. Be2 Nd2 32. h3 Ne4 33. Rf3 Ng3+ 34. Rxg3 Rxe2 35. b4 cxb4 36. a3 bxa3 37. Rxa3 Rd2 38. Rxa6 Rxd5 39. Kg1 Rd2 40. g4 hxg4 41. hxg4 Rd4 42. Kf2 Rxg4 43. Rxd6 Ra4 44. Kg3 Kg7 45. Rb6 f5 46. Kf3 Kh6 47. Rb8 Kg5 48. Rb6 Ra3+ 49. Kf2 f4 50. Rc6 Kf5 51. Rb6 g5 52. Rb5+ Kg4 53. Rc5 Ra2+ 54. Kf1 f3 55. Rb5 Kf4 56. Rc5 g4 57. Rc1 Kg3 58. Rb1 Rh2 0-1

[Event "Wch U08"]
[Site "Montesilvano"]
[Date "2024.11.19"]
[Round "5"]
[White "Tuguldur, Baatarchuluun"]
[Black "Singh, Ian Avery"]
[Result "0-1"]
[WhiteElo "1590"]
[BlackElo "1713"]
[PlyCount "101"]
[EventDate "2024.11.15"]
[EventType "swiss"]
[EventRounds "11"]
[EventCountry "ITA"]
[SourceTitle "CB48_2024"]
[SourceDate "2024.11.28"]
[SourceVersion "1"]
[SourceVersionDate "2024.11.28"]
[SourceQuality "1"]

1. e4 c5 2. c3 d5 3. exd5 Qxd5 4. d4 Nc6 5. Nf3 Bf5 6. Be2 cxd4 7. cxd4 Bxb1 8. Rxb1 e6 9. a3 Nf6 10. 0-0 Be7 11. h3 0-0 12. Be3 Rac8 13. Rc1 Qd6 14. Bd3 Nd5 15. Bg5 Bxg5 16. Nxg5 h6 17. Ne4 Qe7 18. Bb1 Rfd8 19. Qd3 Nf4 20. Qe3 Nxd4 21. Rxc8 Rxc8 22. g3 Nxh3+ 23. Kg2 Nf5 24. Qd3 Rd8 25. Qc2 Ng5 26. g4 Nxe4 27. Qxe4 Rd4 28. Qe5 Qg5 29. Qb8+ Kh7 30. f3 Rd2+ 31. Rf2 Rxf2+ 32. Kxf2 Qd2+ 33. Kf1 Qd1+ 34. Kf2 Qxb1 35. gxf5 Qxb2+ 36. Kg3 exf5 37. Qc8 g6 38. Qf8 Qa2 39. Qc8 h5 40. Qxb7 Qxa3 41. Qxf7+ Kh6 42. Qd7 h4+ 43. Kf2 Qc5+ 44. Kg2 Qc2+ 45. Kf1 h3 46. Qe7 Qg2+ 47. Ke1 Qg3+ 48. Ke2 Qg5 49. Qe8 Qf6 50. Qe3+ f4 51. Ke1 0-1

[Event "Wch U08"]
[Site "Montesilvano"]
[Date "2024.11.15"]
[Round "1"]
[White "Vrsalovic Acuna, Stjepan Antonio"]
[Black "Singh, Ian Avery"]
[Result "0-1"]
[WhiteElo "1452"]
[BlackElo "1713"]
[PlyCount "82"]
[EventDate "2024.11.15"]
[EventType "swiss"]
[EventRounds "11"]
[EventCountry "ITA"]
[SourceTitle "CB48_2024"]
[SourceDate "2024.11.28"]
[SourceVersion "1"]
[SourceVersionDate "2024.11.28"]
[SourceQuality "1"]

1. e4 c5 2. Nf3 d6 3. d4 cxd4 4. Nxd4 Nf6 5. Nc3 a6 6. f3 e5 7. Nb3 Be7 8. Be3 Be6 9. Qd2 h5 10. Be2 Nbd7 11. h3 Rc8 12. 0-0-0 b5 13. Kb1 Nb6 14. Bxb6 Qxb6 15. g4 h4 16. g5 Nh5 17. Nd5 Bxd5 18. exd5 Nf4 19. Rdg1 g6 20. Rg4 Rh5 21. Bf1 Bxg5 22. Qe1 f5 23. Rxg5 Rxg5 24. Qxh4 Qc7 25. Bxb5+ axb5 26. Qxg5 Qxc2+ 27. Ka1 Qg2 28. Qxg2 Nxg2 29. h4 Nf4 30. Rd1 Kf7 31. Na5 Nxd5 32. a3 Ke6 33. Rg1 Nf4 34. Ka2 Rh8 35. Rh1 g5 36. Nb3 Rxh4 37. Rxh4 gxh4 38. Nd2 h3 39. Nf1 e4 40. fxe4 fxe4 41. Kb1 e3 0-1